| 000 | 02175nam a2200301 i 4500 | ||
|---|---|---|---|
| 003 | CSPC | ||
| 005 | 20241010164237.0 | ||
| 008 | 241009s2020 si b 001 0 eng d | ||
| 020 | _a9789811201486 | ||
| 040 |
_cCSPC _aCSPC _beng _erda |
||
| 082 | 4 |
_a620.001515 _bL510a _223 |
|
| 100 | 1 |
_aLee, James D., _eauthor. |
|
| 245 | 1 | 0 |
_aAdvanced continuum theories and finite element analyses / _cJames D. Lee and Jiaoyan Li. |
| 264 | 1 |
_aSingapore : _bWorld Scientific Publishing Co. Pte. Ltd., _c2020. |
|
| 300 |
_axviii, 504 pages ; _c24 cm. |
||
| 336 |
_atext _2rdacontent |
||
| 337 |
_aunmediated _2rdamedia |
||
| 338 |
_avolume _2rdacarrier |
||
| 490 | _aFrontier research in computation and mechanics of materials and biology | ||
| 504 | _aIncludes bibliographical references and index. | ||
| 505 | 0 | _aClassical continuum mechanics -- Kinematics of classical continuum mechanics -- Stresses -- Balance laws -- Constitutive theory -- Simple thermoviscoelasticity -- Fluid dynamics -- Thermoelectricity and viscoelasticity -- Elasticity -- Plasticity -- Electromagnetic interactions -- Microcontinuum field theories -- Kinematics of microcontinuum field theories -- Stresses and balance laws -- Constitutive theory -- Thermomechanical materials -- Micromorphic and micropolar fluids -- Micromorphic plasticity -- Material force -- Thermomechanical-elctromagnetic coupling -- Finite element analyses -- Preliminaries -- Finite element formulation of classical continuum mechanics -- Dynamic crack propagation -- Finite element formulation of general micromorphic theory -- Finite element formulation of linear micromorphic theory -- Passage to finite element formulation of micropolar theory -- Special topics -- Nonlocal theory -- Mechanobiology -- 4D Printing -- Poroelasticity -- Nematic liquid crystal -- Tensor analysis -- Representation theorem. | |
| 650 | 0 | _aContinuum mechanics. | |
| 650 | 0 | _aFinite element method. | |
| 650 | 0 | _aEngineering mathematics. | |
| 700 |
_aLi, Jiaoyan, _eauthor. |
||
| 942 |
_2ddc _n0 _cBK _e23 _h620.001515 _iL510a _kGRD _m2020 |
||
| 999 |
_c28367 _d28367 |
||